Tecnologías exponenciales, emergentes y convergentes : (Record no. 13434)
[ view plain ]
| 000 -LEADER | |
|---|---|
| campo de control de longitud fija | 02434nam a22002897i 4500 |
| 003 - IDENTIFICADOR DE NÚMERO DE CONTROL | |
| campo de control | Do-SdINT |
| 005 - FECHA Y HORA DE LA ÚLTIMA TRANSACCIÓN | |
| campo de control | 20250604133806.0 |
| 008 - DATOS DE LONGITUD FIJA--INFORMACIÓN GENERAL | |
| campo de control de longitud fija | 040225s2024 ag s |||| 0|spa d |
| 040 ## - FUENTE DE CATALOGACIÓN | |
| Centro catalogador/agencia de origen | DO-SdINT |
| Normas de descripción | rda |
| Lengua de catalogación | spa |
| Centro/agencia transcriptor | DO-SdINT |
| 072 ## - CÓDIGO DE CATEGORÍA DE MATERIA | |
| Código de categoría de materia | CSH |
| 082 ## - NÚMERO DE LA CLASIFICACIÓN DECIMAL DEWEY | |
| Número de clasificación | 371.33/I59g |
| Información de edición | 21 |
| 110 ## - ENTRADA PRINCIPAL--NOMBRE DE ENTIDAD CORPORATIVA | |
| Nombre de entidad corporativa o nombre de jurisdicción como elemento de entrada | Instituto Latinoamericano de Desarrollo Profesional Docente |
| Relación | aut. |
| 9 (RLIN) | 109372 |
| Término indicativo de función/relación | autor |
| 245 10 - MENCIÓN DEL TÍTULO | |
| Título | Tecnologías exponenciales, emergentes y convergentes : |
| Resto del título | de la innovación a la transformación global de la sociedad / |
| 264 ## - PRODUCCIÓN, PUBLICACIÓN, DISTRIBUCIÓN, FABRICACIÓN Y COPYRIGHT | |
| Producción, publicación, distribución, fabricación y copyright | Buenos Aires, Argentina : |
| Nombre del de productor, editor, distribuidor, fabricante | Instituto Latinoamericano de Desarrollo Profesional Docente, |
| Fecha de producción, publicación, distribución, fabricación o copyright | 2024 |
| 300 ## - DESCRIPCIÓN FÍSICA | |
| Extensión | 1 recurso en línea (140 páginas) |
| 336 ## - TIPO DE CONTENIDO | |
| Término de tipo de contenido | texto |
| Código de tipo de contenido | txt |
| Fuente | rdacontent |
| 337 ## - TIPO DE MEDIO | |
| Nombre/término del tipo de medio | computadora |
| Código del tipo de medio | c |
| Fuente | rdamedia |
| 338 ## - TIPO DE SOPORTE | |
| Nombre/término del tipo de soporte | recurso en línea |
| Código del tipo de soporte | c |
| Fuente | rdacarrier |
| 347 ## - CARACTERÍSTICAS DEL ARCHIVO DIGITAL | |
| Tipo de archivo | archivo de texto |
| Formato de codificación | |
| Fuente | rda |
| 490 ## - MENCIÓN DE SERIE | |
| Mención de serie | Inteligencia artificial en la educación ; |
| 505 ## - NOTA DE CONTENIDO CON FORMATO | |
| Nota de contenido con formato | Primera parte: Fundamentos de las Tecnologías exponenciales. Las revoluciones industriales 9 -- Tecnologías exponenciales, emergentes y convergentes 15 -- La Ley de Moore y más allá 23 -- Las 6 D de las Tecnologías exponenciales 27 -- Segunda parte: Las Tecnologías exponenciales en detalle. Inteligencia Artificial 31 -- Big Data y Análisis predictivo 45 -- Internet de las Cosas (IoT) 49 -- Biotecnología y Genómica 53 -- Nanotecnología y Ciencia de los materiales 59 -- Blockchain y Criptomonedas 61 -- Realidad Virtual y Aumentada 65 -- Robótica y Automatización 69 -- Impresión 3D y Cultura Maker 73 -- Computación Cuántica 77 -- Neurociencia y Tecnologías Cognitivas 81 -- Tercera parte: El futuro de las Tecnologías exponenciales. El futuro de la movilidad: vehículos autónomos 87 -- Energía y medio ambiente 91 -- Salud y medicina del futuro 95 -- Educación y tecnologías exponenciales 99 -- Ciberseguridad en la era digital 103 -- Economía digital y FinTech 107 -- Tecnologías verdes y sostenibilidad 111 -- Tecnologías de la comunicación y 5G/6G 115 --Internet de los Sentidos (IoS) 119 -- Realidad Extendida, Metaverso y Mundos virtuales -- 123 -- Hacia una sociedad exponencial -- 127 |
| 506 0# - NOTA DE RESTRICCIONES AL ACCESO | |
| Limitaciones de acceso | Open Access |
| 650 #0 - PUNTO DE ACCESO ADICIONAL DE MATERIA--TÉRMINO DE MATERIA | |
| Término de materia o nombre geográfico como elemento de entrada | Tecnologías disruptivas |
| Fuente del encabezamiento o término | ARMARC |
| 9 (RLIN) | 109371 |
| 650 #7 - PUNTO DE ACCESO ADICIONAL DE MATERIA--TÉRMINO DE MATERIA | |
| Término de materia o nombre geográfico como elemento de entrada | Innovaciones tecnológicas |
| Fuente del encabezamiento o término | ARMARC |
| 9 (RLIN) | 34245 |
| 856 ## - LOCALIZACIÓN Y ACCESO ELECTRÓNICOS | |
| Texto de enlace | Acceso a Texto Completo |
| Identificador Uniforme de Recurso | <a href="https://opacbiblioteca.intec.edu.do/opac-tmpl/files/recursoselectronicos/Tecnologiasexponenciales.pdf">https://opacbiblioteca.intec.edu.do/opac-tmpl/files/recursoselectronicos/Tecnologiasexponenciales.pdf</a> |
| 942 ## - ELEMENTOS DE ENTRADA SECUNDARIOS (KOHA) | |
| Tipo de ítem Koha | |
| Fuente de la clasificación o esquema de estantería | Clasificación Decimal Dewey |
| Estatus retirado | Estado de pérdida | Fuente de la clasificación o esquema de estantería | Estado de daño | No para préstamo | Biblioteca de origen | Biblioteca actual | Fecha de adquisición | Total de préstamos | Signatura topográfica completa | Visto por última vez | Precio de reemplazo | Tipo de ítem Koha |
|---|---|---|---|---|---|---|---|---|---|---|---|---|
| Clasificación Decimal Dewey | Biblioteca IDEICE | Biblioteca IDEICE | 20/05/2025 | 371.33/I59g | 20/05/2025 | 20/05/2025 | Libros |